00672nam a2200181 a 450000100060000000300090000600800410001502000150005604000280007108200170009911000180011624500140013426000360014830000080018450002550019265000140044765000290046111897CO-ViMGA141112s2004 ck r 000 u spa d a8489436053 aCO-ViMGAbspacCO-ViMGA04a657.45 C857a aCultural S.A.10aAuditoria aMadrid, cCultural S.A., c1998 a3V. aV.1 : Normas tecnicas, control interno, planificación del trabajo, objetivos y procedimientos. V.2 : Desarrollo metodología de la auditoría caso práctico. V.3 : Control interno areas específicas de implantación, procedimiento y control. 14aAUDITORIA14aAUDITORIA ADMINISTRATIVA